000 01452cam a22003492 c4500
999 _c80188
_d80188
001 069977135
003 DE-627
005 20201126120403.0
007 tu
008 001015s1906 xx ||||| 00| ||und c
035 _a(DE-627)069977135
035 _a(DE-599)GBV069977135
035 _a(OCoLC)831203079
040 _aDE-627
_bger
_cDE-627
_erakwb
_dSTAFF
245 1 0 _aDie Kunstdenkmäler der Stadt Köln
_nBd 1,Abt. 2
_pQuellen / Johannes Krudewig. Joseph Klinkenberg: Das römische Köln
_cim Auftr. des Provinzialverbandes der Rheinprovinz in Verb. mit ... hrsg. von Paul Clemen
264 1 _aDüsseldorf
_bSchwann
_c1906
300 _aX, 393 S
336 _aText
_btxt
_2rdacontent
337 _aohne Hilfsmittel zu benutzen
_bn
_2rdamedia
338 _aBand
_bnc
_2rdacarrier
490 0 _aDie Kunstdenkmäler der Rheinprovinz; 6,2
951 _aMV
700 1 _aKrudewig, Johannes
_4oth
700 1 _aKlinkenberg, Joseph
_0(DE-588)1157576362
_0(DE-627)1021365939
_0(DE-576)503080039
_4oth
700 1 _aClemen, Paul
_d1866-1947
_0(DE-588)118521187
_0(DE-627)134376684
_0(DE-576)160590329
_4oth
710 2 _aDes Provinzialverbandes der Rheinprovinz
_4oth
710 2 _aDes Provinzialverbandes der Rheinprovinz und der Stadt Köln
_4oth
710 2 _aDes Provinzialverbandes der Rheinprovinz und mit Unterstützung der Stadt Köln
_4oth
773 1 8 _w(DE-627)069977119
_gBd 1,Abt. 2
_q1,2.1906
942 _2z
_cBK